000
00205 a2200097 4500
001
2264
100
_a
Judge, A W
245
_a
Hand book of aircraft engines
260
_a
_b
Chapman
_c
090
_c
1641
_d
1641
942
_a
NUST-CAE
_c
M
_c
7125
999
_c
237337
_d
237337